System-theoretical urban development : the potsdam lodestar approach / Manfred Rolfes, Jan Lorenz Wilhelm. (Record no. 22199)

000 -LEADER
fixed length control field 00569nam a22001457a 4500
020 ## - INTERNATIONAL STANDARD BOOK NUMBER
ISBN 9783658422493
082 ## - DEWEY DECIMAL CLASSIFICATION NUMBER
Classification number 307.77
Item number R64 2024
100 ## - MAIN ENTRY--AUTHOR NAME
Personal name Rolfes, Manfred, author.
245 ## - TITLE STATEMENT
Title System-theoretical urban development : the potsdam lodestar approach / Manfred Rolfes, Jan Lorenz Wilhelm.
260 ## - PUBLICATION, DISTRIBUTION, ETC. (IMPRINT)
Place of publication Wiesbaden, Germany :
Name of publisher Springer Fachmedien Wiesbaden GmbH,
Year of publication © 2024.
300 ## - PHYSICAL DESCRIPTION
Number of Pages 1 online resource, xi, 263 pages :
Other physical details illustrations (some color).
500 ## - GENERAL NOTE
General note Includes bibliographical references.
700 ## - ADDED ENTRY--PERSONAL NAME
Personal name Wilhelm, Jan Lorenz, author.
942 ## - ADDED ENTRY ELEMENTS (KOHA)
Koha item type Electronic Books
Holdings
Source of acquisition Permanent Location Date acquired Collection code Koha item type Lost status Shelving location Withdrawn status Current Location Full call number
DonationCagayan State University - Carig Library2026-04-14E-BooksElectronic Books E-Resource Section Cagayan State University - Carig Library307.77 R64 2024

Cagayan State University University Library, Carig Campus
Tuguegarao City, Cagayan 3500 | www.csucarig.edu.ph

Powered by Koha